| 000 | 00377nam a22001217a 4500 | ||
|---|---|---|---|
| 003 | OSt | ||
| 008 | 110509b xxu||||| |||| 00| 0 eng d | ||
| 100 | 1 | _aOy, Suomen Postimerkkeily | |
| 041 | _aeng | ||
| 245 | 1 | 0 | _aNORMA Suomi erikoisluettelo, 1845-1979 = NORMA Finland special catalogue, 1845-1979 / NORMA Suomi - Finland 1980 |
| 260 | _bSuomen Postimerkkeily Oy, | ||
| 300 | _a0 pages | ||
| 999 |
_c108 _d108 |
||